[Event "Olympiad"]
[Site "masterchessopen.com Munich (Germany)"]
[Round "5"]
[White "Uhlmann Wolfgang (GER)"]
[Black "Sliwa Bogdan (POL)"]
[Result "1-0"]
[WhiteElo "2379"]
[BlackElo "2235"]

1.d4 Nf6 2.c4 e6 3.Nc3 Bb4 4.e3 Nc6 5.Ne2 d5 6.a3 Be7 7.cxd5 exd5 8.Nf4 O-O
9.Be2 Be6 10.O-O Qd7 11.e4 Rad8 12.Nxe6 fxe6 13.e5 Ne4 14.Be3 Nxc3 15.bxc3 Na5
16.Bd3 Rf7 17.h4 g6 18.h5 g5 19.h6 Nc4 20.Bc1 Rdf8 21.Qh5 Kh8 22.Ra2 Qa4
23.Bc2 Qa5 24.Qh3 g4 25.Qd3 c5 26.Bb1 Qd8 27.f4 cxd4 28.cxd4 Qb6 29.Raf2 Rg8
30.g3 Rf5 31.Bc2 Bf8 32.Rh2 Rf7 33.Kh1 Qa6 34.a4 Rf5 35.Kg2 Qc6 36.Rh5 Qd7
37.Rxf5 exf5 38.Qxf5 Qxf5 39.Bxf5 Ba3 40.Be6 Bxc1 41.Rxc1 Rg6 42.f5 Rxh6 43.f6
a6 44.Bxd5 {#r} 1-0

[Event "Olympiad"]
[Site "masterchessopen.com Salonika (Greece)"]
[Round "0"]
[White "Sarfati Jonathan D (NZL)"]
[Black "West Guy (AUS)"]
[Result "0-1"]
[WhiteElo "2251"]
[BlackElo "2323"]

1.d4 Nf6 2.c4 e6 3.Nc3 Bb4 4.e3 Nc6 5.Nf3 d6 6.Qc2 O-O 7.Bd3 e5 8.O-O Bxc3
9.bxc3 h6 10.Nd2 b6 11.f4 Bb7 12.fxe5 dxe5 13.Ne4 Nxe4 14.Bxe4 exd4 15.Bxc6
Bxc6 16.cxd4 Qe7 17.d5 Bd7 18.Rf3 Rae8 19.Bb2 Qe4 20.Qc3 f6 21.Rd1 Bg4 22.Rf4
Qxf4 23.exf4 Bxd1 24.Ba3 Rf7 25.c5 bxc5 26.Bxc5 a6 27.d6 cxd6 28.Bxd6 Bg4
29.h3 Bc8 30.Kf2 Kh8 31.g4 Bb7 32.Qb3 Rd7 33.g5 hxg5 34.fxg5 fxg5 35.Kg3 Red8
36.Qb6 Bc8 37.Be5 Kh7 38.Kf2 Rd3 39.Qc7 Rf8+ 40.Ke2 Rd7 41.Qc2+ Kh8 42.Qc5 Re8
43.Kf2 Rf7+ 44.Kg3 Rf5 45.Bxg7+ Kxg7 46.Qc7+ Rf7 47.Qc5 {#R} 0-1

[Event "Olympiad"]
[Site "masterchessopen.com Tel Aviv (Israel)"]
[Round "3"]
[White "Levy Mauricio"]
[Black "Franklin Michael J (ENG)"]
[Result "0-1"]
[WhiteElo "2200"]
[BlackElo "2191"]

1.d4 Nf6 2.c4 e6 3.Nc3 Bb4 4.e3 Nc6 5.a3 Bxc3+ 6.bxc3 d6 7.Bd3 e5 8.d5 Ne7
9.e4 b6 10.Ne2 Ng6 11.O-O Nd7 12.Ng3 Nc5 13.Bc2 Nf4 14.Nh5 Qg5 15.Nxf4 exf4
16.g3 Qg4 17.f3 Qh5 18.Bxf4 O-O 19.Qd4 f6 20.Be3 Ba6 21.Rae1 Rae8 22.f4 Re7
23.Bd2 Qe8 24.Rf2 Nb7 25.Rfe2 Na5 26.e5 Nxc4 27.Qd3 Qh5 28.exf6 Rxe2 29.Qxe2
Qxe2 30.Rxe2 Nxa3 31.fxg7 Ra8 32.Bxh7+ Kxh7 33.Re7 Rg8 34.Rxc7 Rxg7 35.Rc6 Bb7
36.Bc1 Bxc6 {#R} 0-1

[Event "Regionalliga Southeast 2002/03"]
[Site "masterchessopen.com Germany"]
[Date "2003.02.23"]
[Round "7"]
[White "Tuchenhagen Axel (GER)"]
[Black "Popp Michael (GER)"]
[Result "0-1"]
[WhiteElo "2151"]
[BlackElo "2073"]

1.d4 Nf6 2.c4 e6 3.Nc3 Bb4 4.e3 Nc6 5.Qc2 e5 6.d5 Ne7 7.Bd2 O-O 8.Nge2 d6 9.a3
Bxc3 10.Nxc3 c6 11.e4 Ne8 12.Bd3 f5 13.f3 cxd5 14.cxd5 fxe4 15.Bxe4 Bf5 16.Bg5
Bxe4 17.fxe4 h6 18.Bh4 Qd7 19.Bxe7 Qxe7 20.O-O-O Nf6 21.Qe2 Qd7 22.h3 Rab8
23.Kb1 b5 24.Na2 a5 25.b3 Qf7 26.Rhf1 Qg6 27.Rfe1 Nd7 28.b4 axb4 29.axb4 Qg3
30.Rd3 Qf2 31.Rf3 Rxf3 32.gxf3 Qg3 33.Qf1 Nf6 34.Nc3 Nh5 35.Kb2 Nf4 36.Nxb5
Rxb5 37.Qxb5 Qxe1 38.Qe8+ Kh7 39.Kb3 Qe3+ 40.Ka4 Qxf3 {#R} 0-1

[Event "Tournament"]
[Site "masterchessopen.com Cherkessk (Russia)"]
[Round "6"]
[White "Iljin Timofey (UKR)"]
[Black "Brineva Elena S (TKM)"]
[Result "1-0"]
[WhiteElo "2442"]
[BlackElo "2070"]

1.d4 Nf6 2.c4 e6 3.Nc3 Bb4 4.e3 Nc6 5.Bd3 d6 6.Ne2 O-O 7.O-O e5 8.d5 Ne7 9.a3
Bxc3 10.Nxc3 Ne8 11.b4 f5 12.Bb2 f4 13.exf4 Rxf4 14.Bc1 Rf7 15.Ne4 h6 16.f4
Ng6 17.Ng5 Rf6 18.f5 Ne7 19.Ne6 Bxe6 20.fxe6 c6 21.Qh5 Qb6+ 22.c5 {#r} 1-0

[Event "Tournament (open)"]
[Site "masterchessopen.com Sochi (Russia)"]
[Date "2012.06.16"]
[Round "3"]
[White "Alchakov Ratmir"]
[Black "Zakaryan David"]
[Result "0-1"]
[WhiteElo "1900"]
[BlackElo "2026"]

1.d4 Nf6 2.c4 e6 3.Nc3 Bb4 4.e3 Nc6 5.Nf3 O-O 6.Be2 d6 7.O-O Bxc3 8.bxc3 e5
9.Qc2 Bg4 10.Ba3 Re8 11.Rfd1 Qc8 12.c5 d5 13.c4 exd4 14.Nxd4 Nxd4 15.Rxd4 Bxe2
16.Qxe2 Qe6 17.Rad1 Qa6 18.Bb2 Rad8 19.Qc2 Qa5 20.cxd5 Rxd5 21.Rxd5 Nxd5
22.Qc4 c6 23.Qg4 f6 24.e4 Qa4 25.Re1 Qb4 26.Re2 Nc3 27.Bxc3 Qxc3 28.g3 Qxc5
29.Kg2 f5 {#R} 0-1

[Event "Zt"]
[Site "masterchessopen.com Auckland (New Zealand)"]
[Round "3"]
[White "Safarian Alek (AUS)"]
[Black "Sonter Matthew (AUS)"]
[Result "0-1"]
[WhiteElo "2099"]
[BlackElo "2181"]

1.d4 Nf6 2.c4 e6 3.Nc3 Bb4 4.e3 Nc6 5.Bd3 d5 6.cxd5 exd5 7.Ne2 O-O 8.O-O Re8
9.Qc2 Bd6 10.a3 a6 11.e4 dxe4 12.Nxe4 Nxe4 13.Bxe4 Bxh2+ 14.Kxh2 Qh4+ 15.Kg1
Qxe4 16.Qxe4 Rxe4 17.Be3 Bg4 18.Nc3 Ree8 19.d5 Ne5 20.Bf4 Rad8 21.Rfe1 f6
22.f3 Bh5 23.Re3 Bf7 24.Rc1 Re7 25.Rce1 Bxd5 26.Bxe5 Rxe5 27.Rxe5 fxe5 28.Rxe5
Bc6 29.Re2 Kf7 30.Kf2 h6 31.Rc2 Rd7 32.Ne2 Bb5 33.Nc3 Bd3 34.Rd2 Bf5 35.Re2 c5
36.Re5 Be6 37.Na4 c4 38.Nc5 Rd5 39.Rxe6 Rxc5 40.Rb6 Rb5 41.Rxb5 axb5 42.Ke3
Ke6 43.Kd4 Kd6 44.f4 g6 45.Ke4 Ke6 46.g3 h5 47.Kd4 Kf5 48.Ke3 Kg4 49.Kf2 h4
50.gxh4 Kxf4 {#R} 0-1

[Event "Zt (w)"]
[Site "masterchessopen.com Hajduszoboszlo (Hungary)"]
[Round "6"]
[White "Koen Maja (BUL)"]
[Black "Madl Ildiko (HUN)"]
[Result "0-1"]
[WhiteElo "2105"]
[BlackElo "2370"]

1.d4 Nf6 2.c4 e6 3.Nc3 Bb4 4.e3 Nc6 5.Bd3 e5 6.d5 Bxc3+ 7.bxc3 Ne7 8.e4 d6
9.Ne2 O-O 10.O-O Nd7 11.Be3 Ng6 12.Qd2 Nc5 13.Bxc5 dxc5 14.Qe3 b6 15.Kh1 Qd6
16.g3 f5 17.f4 fxe4 18.fxe5 Qxe5 19.Rxf8+ Nxf8 20.Qxe4 Qxe4+ 21.Bxe4 Bb7
22.Nf4 Re8 23.Re1 g6 24.Re2 Kg7 25.Kg1 Ba6 26.Bd3 Rxe2 27.Bxe2 g5 28.Nh5+ Kg6
29.g4 Nd7 30.Kf2 Ne5 31.Ke3 Bxc4 32.Bxc4 Nxc4+ 33.Ke4 a5 34.Ng3 a4 35.Nf5 Kf6
36.Nh6 Nd6+ 37.Kd3 Kg7 38.Nf5+ Nxf5 39.gxf5 Kf6 40.Ke4 b5 {#R} 0-1